MARC

LEADER 00000nam0a2200000 4500
001 74876
005 20231031090011.0
035 |a (RuTPU)RU\TPU\book\79853 
090 |a 74876 
100 |a 20050314d1974 m y0rusy50 ca 
101 0 |a rus 
102 |a RU 
105 |a a j 001zy 
200 1 |a Химия и технология пигментов  |e учебное пособие для вузов  |f Е. Ф. Беленький, И. В. Рискин  |g Под ред. Л. Ф. Корсунского, И. С. Шапиро 
205 |a 4-е изд., перераб. и доп. 
210 |a Ленинград  |c Химия  |d 1974 
215 |a 656 с.  |c ил. 
320 |a Библиогр. в конце глав. 
320 |a Предметный указатель: с. 647-656. 
610 1 |a химия 
610 1 |a химическая технология 
610 1 |a пигменты 
610 1 |a свойства 
610 1 |a титановые белила 
610 1 |a цинковые белила 
610 1 |a свинцовые белила 
610 1 |a ртутные пигменты 
610 1 |a железоокисные пигменты 
610 1 |a органические пигменты 
610 1 |a учебные пособия 
675 |a 667.2(075.8)  |v 3 
700 1 |a Беленький  |b Е. Ф.  |g Ефим Фридманович 
701 1 |a Рискин  |b И. В.  |g Иосиф Вениаминович 
702 1 |a Корсунский  |b Л. Ф.  |4 340 
702 1 |a Шапиро  |b И. С.  |4 340 
801 1 |a RU  |b 63413507  |c 20050314  |g PSBO 
801 2 |a RU  |b 63413507  |c 20140213  |g PSBO 
942 |c BK